=LDR 00000nam 2200000 4500 =001 INLIS000000000027225 =005 20130612125622 =008 ***********************************Ind** =035 ##$$0010-061300000027225 =041 ##$$a Ind =082 ##$$a 372.5 =090 ##$$a 372.5, Was r =100 ##$$a Waskito, Edy =245 ##$$a Rahasia matematika SD sesuai kurikulum berbasis kompetensi, Edy Waskito =260 ##$$a [S.a] $b Jombang =300 ##$$a 160 hlm, 18 cm =650 ##$$a Pendidikan dasar matematika =850 ##$$a NBPNMAT